| 000 | 00488pab a2200181 454500 | ||
|---|---|---|---|
| 008 | 180718b2005 xxu||||| |||| 00| 0 eng d | ||
| 100 | _aKumlin, Staffan | ||
| 245 | _aMaking and breaking social capital: the impact of welfare-state institutions | ||
| 260 | _c2005 | ||
| 300 | _ap.339-65. | ||
| 362 | _aMay | ||
| 650 | _aWelfare state | ||
| 650 | _aSocial policy | ||
| 650 | _aSocial capital | ||
| 700 | _aRothstein, Bo | ||
| 773 | _aComparative Political Studies | ||
| 909 | _a65165 | ||
| 999 |
_c65165 _d65165 |
||